000 00237nam a2200109 4500
999 _c8261
_d8261
003 OSt
005 20201008154303.0
008 201008b ||||| |||| 00| 0 eng d
082 _a728
245 _aSample house condition survey
942 _2ddc